[Event "Leca da Palmeira op"]
[Site "Leca da Palmeira"]
[Date "2022.08.05"]
[Round "9"]
[White "Rego, Pedro Filipe"]
[Black "Pomares Munoz, Ruben"]
[Result "1-0"]
[WhiteElo "2251"]
[BlackElo "1761"]
[PlyCount "85"]
[EventDate "2022.07.31"]
[EventType "swiss"]
[EventRounds "9"]
[EventCountry "POR"]
[SourceTitle "CBM 209 Extra"]
[Source "ChessBase"]
[SourceDate "2022.09.30"]
[SourceVersion "1"]
[SourceVersionDate "2022.09.30"]
[SourceQuality "1"]

1. d4 e6 2. e4 d5 3. Nd2 Nf6 4. e5 Nfd7 5. Bd3 c5 6. c3 Nc6 7. Ne2 Be7 8. 0-0 Qb6 9. Nf3 0-0 10. Re1 cxd4 11. cxd4 Bb4 12. Bd2 Bxd2 13. Qxd2 Qb4 14. Qe3 h6 15. a3 Qe7 16. Nc3 a6 17. Bc2 Rd8 18. Qd3 Nf8 19. Na4 b5 20. Nc5 Na5 21. b3 Nb7 22. b4 Nxc5 23. dxc5 Bd7 24. Nd4 Rdc8 25. f4 Rab8 26. Re3 a5 27. Rf1 Rd8 28. Qe2 f5 29. exf6 Qxf6 30. Re5 Re8 31. c6 Bc8 32. f5 Qh4 33. Qd3 axb4 34. axb4 Ra8 35. fxe6 Ra3 36. Rxf8+ Kxf8 37. Qf1+ Ke7 38. Qf7+ Kd6 39. Nxb5+ Kxc6 40. Qc7+ Kxb5 41. Rxd5+ Ka6 42. Rd6+ Kb5 43. Qc5# 1-0

[Event "Euskadi-ch U18"]
[Site "Eibar"]
[Date "2019.04.23"]
[Round "1"]
[White "Pomares Munoz, Ruben"]
[Black "Toledo Sanz, Imanol"]
[Result "0-1"]
[WhiteElo "1662"]
[BlackElo "2142"]
[PlyCount "168"]
[EventDate "2019.04.23"]
[EventType "swiss"]
[EventRounds "7"]
[EventCountry "ESP"]
[SourceTitle "EXT 2020"]
[Source "ChessBase"]
[SourceDate "2019.10.17"]
[SourceVersion "1"]
[SourceVersionDate "2019.10.17"]
[SourceQuality "1"]

1. e4 c5 2. Nc3 e6 3. f4 Nc6 4. Nf3 d5 5. Bb5 Nge7 6. exd5 exd5 7. Qe2 Bg4 8. Bxc6+ bxc6 9. 0-0 f6 10. b3 Bxf3 11. Rxf3 Kf7 12. Na4 Nf5 13. c3 Qa5 14. g4 Nd6 15. d3 Re8 16. Re3 Be7 17. Qc2 h5 18. Rg3 hxg4 19. Rxg4 Nf5 20. Qg2 g6 21. Bd2 Nh4 22. Qf2 Nf5 23. Qg2 Qd8 24. Re1 Rh6 25. Qe2 Qd7 26. c4 Nd4 27. Qd1 Reh8 28. Rg2 Nf5 29. Qg4 Qd8 30. Bc3 Qd6 31. Bd2 d4 32. Nb2 Qd8 33. Nd1 Qe8 34. Nf2 Nh4 35. Qe2 Qd7 36. Rg3 Nf5 37. Rg2 Ra8 38. Ne4 a5 39. Ng3 Nxg3 40. Rxg3 f5 41. Rb1 Bd6 42. Qg2 Qc7 43. Rf1 Rah8 44. h3 Re8 45. Qf3 Re6 46. Qd1 Rh8 47. Rgf3 Rhe8 48. R3f2 Bf8 49. Qc1 a4 50. Re1 Qa7 51. Rxe6 Rxe6 52. Qa3 Re8 53. Qxa4 Qxa4 54. bxa4 Ra8 55. a5 Bd6 56. Rf1 Bc7 57. Rb1 Bxa5 58. Bxa5 Rxa5 59. Rb2 Ra3 60. Rd2 Kg7 61. Kf2 Kh6 62. h4 Kh5 63. Kg3 Rc3 64. Kf3 Rc1 65. Rb2 Re1 66. Rb8 Re3+ 67. Kf2 Rxd3 68. a4 Ra3 69. Ra8 Kg4 70. a5 Kxf4 71. a6 Ra2+ 72. Ke1 Ke3 73. Kd1 Kd3 74. Kc1 Kxc4 75. a7 d3 76. Kb1 Ra6 77. Kb2 f4 78. Rf8 Rxa7 79. Rxf4+ Kd5 80. Kc3 Ra3+ 81. Kb2 d2 82. Kc2 Ra2+ 83. Kd1 c4 84. Ke2 c3 0-1